000 01127nam a2200265 a 4500
001 BRCA_7888
005 20190320210036.0
008 290114s2013----mx-ae#####---#000-0#spa-#
020 _a9786074779615 (Obra completa)
041 _aspa
044 _amx
050 4 _aF1386
_b.I57 2013
245 1 0 _aInstantáneas de la ciudad de México
_bun álbum de 1883-1884
_ccoodinadores Alicia Salmerón, Fernando Aguayo.
260 _aMéxico
_bInstituto Mora : UAM, Unidad Cuajimalpa
_c2013
300 _a2 v.
_bil. (algunas a color), planos
_c23 cm.
_e1 Plano General de Indicación de la ciudad de México
500 _aIncluye piezas de la colección Franz Mayer: p. 113
504 _aIncluye referencias bibliográficas e índice
651 4 _aMéxico (Ciudad)
_vFotografías
_xDescripciones
_919512
651 4 _aMéxico (Ciudad)
_xPolítica y gobierno
_y1880-1884
_919513
651 4 _aMéxico (Ciudad)
_xVida social y costumbres
_y1880-1884
_919514
651 4 _aMéxico (Ciudad)
_vPlanos, etc.
_xDescripciones
_919515
700 1 _aSalmerón, Alicia
_ecoord.
_919516
700 1 _aAguayo, Fernando
_ecoord.
_919517
942 _2lcc
_cB
999 _c7562
_d7562